| 000 | 00634nam a2200205 a 4500 | ||
|---|---|---|---|
| 005 | 20251203063951.0 | ||
| 008 | 030812s1995 mx r 000 0 spa d | ||
| 020 | _a843310635X | ||
| 035 | _aUPN01000127792 | ||
| 049 | _aCG | ||
| 050 | 4 |
_aZ1003 _bS2.2 1995 |
|
| 100 | 1 | _aSantos Barba, Ana María | |
| 245 | 1 | 0 |
_aCómo trabajar la animación a la lectura en el primer ciclo de educación primaria / _cAna María Santos Barba. |
| 250 | _a2a ed. | ||
| 260 |
_aMadrid : _bEscuela Española, _c[1995]. |
||
| 300 | _a66 p. | ||
| 650 | 4 |
_aIntereses en la lectura _94851 |
|
| 650 | 4 |
_aLibros y lectura para niños _92290 |
|
| 905 | _aLibro | ||
| 999 |
_c99971 _d99971 |
||